[Event "Cambridge op 2nd"]
[Site "Cambridge"]
[Date "2024.02.24"]
[Round "9"]
[White "Denderski, Piotr"]
[Black "Golubovic, Erik"]
[Result "0-1"]
[WhiteElo "2155"]
[BlackElo "2025"]
[PlyCount "72"]
[EventDate "2024.02.19"]
[EventType "swiss"]
[EventRounds "9"]
[EventCountry "ENG"]
[SourceTitle "CB09_2024"]
[SourceDate "2024.02.28"]
[SourceVersion "1"]
[SourceVersionDate "2024.02.28"]
[SourceQuality "1"]

1. d4 Nf6 2. c4 c5 3. d5 b5 4. cxb5 a6 5. bxa6 Bxa6 6. Nc3 d6 7. e4 Bxf1 8. Kxf1 g6 9. g3 Bg7 10. Kg2 0-0 11. f4 Nbd7 12. Nf3 Qb6 13. Qe2 e6 14. dxe6 fxe6 15. Qc4 Kh8 16. e5 dxe5 17. fxe5 Nd5 18. Nxd5 exd5 19. Qxd5 Rad8 20. Bg5 Nxe5 21. Bxd8 Rxd8 22. Qb3 Qc6 23. Rad1 Rf8 24. Rhf1 c4 25. Qa3 Nxf3 26. Rxf3 c3 27. Qxf8+ Bxf8 28. bxc3 Bc5 29. Rdd3 Qa8 30. a3 Qxa3 31. Rd8+ Kg7 32. Rd7+ Kh6 33. Rfd3 Qa2+ 34. Rd2 Qb1 35. R7d3 Qg1+ 36. Kf3 Qf1+ 0-1

[Event "Cambridge op 2nd"]
[Site "Cambridge"]
[Date "2024.02.23"]
[Round "7"]
[White "Denderski, Piotr"]
[Black "Hanache, Kai"]
[Result "0-1"]
[WhiteElo "2155"]
[BlackElo "1926"]
[PlyCount "50"]
[EventDate "2024.02.19"]
[EventType "swiss"]
[EventRounds "9"]
[EventCountry "ENG"]
[SourceTitle "CB09_2024"]
[SourceDate "2024.02.28"]
[SourceVersion "1"]
[SourceVersionDate "2024.02.28"]
[SourceQuality "1"]

1. d4 Nf6 2. c4 e6 3. Nc3 Bb4 4. f3 0-0 5. e4 d5 6. e5 Nfd7 7. a3 Bxc3+ 8. bxc3 c5 9. Be3 Nc6 10. Bd3 dxc4 11. Bxc4 Ndxe5 12. Ba2 cxd4 13. cxd4 Ng6 14. Ne2 Qa5+ 15. Kf2 Qxa3 16. h4 Nge7 17. g4 Qd6 18. Bb1 Nd5 19. Qd3 f5 20. gxf5 e5 21. f6 Nxf6 22. d5 e4 23. fxe4 Nxe4+ 24. Kg2 Qg6+ 25. Bg5 Qf5 0-1

[Event "Cambridge op 2nd"]
[Site "Cambridge"]
[Date "2024.02.23"]
[Round "8"]
[White "Woltery, Nicolai"]
[Black "Denderski, Piotr"]
[Result "0-1"]
[WhiteElo "1979"]
[BlackElo "2155"]
[PlyCount "164"]
[EventDate "2024.02.19"]
[EventType "swiss"]
[EventRounds "9"]
[EventCountry "ENG"]
[SourceTitle "CB09_2024"]
[SourceDate "2024.02.28"]
[SourceVersion "1"]
[SourceVersionDate "2024.02.28"]
[SourceQuality "1"]

1. c4 Nf6 2. Nc3 c5 3. g3 Nc6 4. Bg2 e6 5. Nf3 d5 6. cxd5 exd5 7. d4 h6 8. 0-0 Be7 9. dxc5 Bxc5 10. a3 a5 11. Ne1 d4 12. Nd3 Be7 13. Na4 0-0 14. Bf4 Be6 15. Ndc5 Bxc5 16. Nxc5 Bd5 17. Bxd5 Qxd5 18. Rc1 b6 19. Nd3 Rac8 20. Bd2 Rfe8 21. f3 Qd7 22. Re1 Nd5 23. Qb3 g5 24. Nf2 Re6 25. Qb5 Rce8 26. Kf1 Kg7 27. Rc2 f5 28. Qd3 Re3 29. Bxe3 Nxe3+ 30. Kg1 Nxc2 31. Qxc2 Qd5 32. Rc1 Re6 33. Nd3 Qd6 34. Kf1 h5 35. Nf2 Qe5 36. Qd2 Rg6 37. f4 gxf4 38. Qxf4 Qxf4 39. gxf4 Kf7 40. Nd3 Ke7 41. Kf2 h4 42. a4 h3 43. Rg1 Rxg1 44. Kxg1 Kd6 45. Kf2 Kd5 46. Kg3 Ke4 47. Kf2 Ne7 48. Ne5 Kxf4 49. Nf3 Nc6 50. Nd2 Ne5 51. Nb3 Ng4+ 52. Ke1 Ke3 53. Nd2 Ne5 54. Nf1+ Ke4 55. Ng3+ Kf4 56. Nh5+ Kg5 57. Ng7 d3 58. Ne6+ Kg4 59. Nc7 dxe2 60. Kxe2 Kf4 61. Ne6+ Ke4 62. Ng5+ Kd4 63. Nxh3 Ng4 64. Kf3 Nxh2+ 65. Kf4 Kc4 66. Kxf5 Kb4 67. Nf4 Kxa4 68. Nd5 b5 69. Nc3+ Kb4 70. Ke4 Kc4 71. Ne2 Nf1 72. Nc1 Nd2+ 73. Ke3 Nb3 74. Nd3 Nc5 75. Nc1 b4 76. Ke2 a4 77. Kd1 Nb3 78. Na2 Nd4 79. Nc1 b3 80. Kd2 a3 81. Nxb3 Nxb3+ 82. Kc2 a2 0-1

[Event "Harrogate 4NCL op 31st"]
[Site "Harrogate"]
[Date "2024.01.20"]
[Round "3"]
[White "Denderski, Piotr"]
[Black "Henderson, David"]
[Result "1-0"]
[WhiteElo "2137"]
[BlackElo "2067"]
[PlyCount "83"]
[EventDate "2024.01.19"]
[EventType "swiss"]
[EventRounds "5"]
[EventCountry "ENG"]
[SourceTitle "CB05_2024"]
[SourceDate "2024.01.31"]
[SourceVersion "1"]
[SourceVersionDate "2024.01.31"]
[SourceQuality "1"]

1. d4 d5 2. c4 e6 3. Nc3 Nf6 4. cxd5 exd5 5. Bg5 c6 6. Qc2 Be7 7. e3 Nbd7 8. Bd3 0-0 9. Nge2 Re8 10. 0-0 Nf8 11. f3 Be6 12. Rad1 h6 13. Bh4 Rc8 14. Bf2 N8d7 15. Nf4 Bd6 16. Nxe6 fxe6 17. Bg6 Re7 18. e4 e5 19. exd5 cxd5 20. Qb3 Nb6 21. Ne4 exd4 22. Nxd6 Qxd6 23. Bxd4 Nfd7 24. Bb1 Nf8 25. Be4 Qe6 26. Bd3 Nfd7 27. Qb4 Qf7 28. Rfe1 Rce8 29. Rxe7 Rxe7 30. b3 Ne5 31. Bf1 Nc6 32. Qd2 Nxd4 33. Qxd4 Qe6 34. a4 a5 35. Rd3 Qc6 36. Rc3 Qg6 37. g3 Re6 38. Rc7 Rd6 39. Rxb7 Nd7 40. Rb5 Qf5 41. f4 Qc2 42. Rxd5 1-0

[Event "Harrogate 4NCL op 31st"]
[Site "Harrogate"]
[Date "2024.01.20"]
[Round "2"]
[White "Sarakauskas, Gediminas"]
[Black "Denderski, Piotr"]
[Result "1-0"]
[WhiteElo "2362"]
[BlackElo "2137"]
[PlyCount "85"]
[EventDate "2024.01.19"]
[EventType "swiss"]
[EventRounds "5"]
[EventCountry "ENG"]
[SourceTitle "CB05_2024"]
[SourceDate "2024.01.31"]
[SourceVersion "1"]
[SourceVersionDate "2024.01.31"]
[SourceQuality "1"]

1. d4 Nf6 2. Nf3 e6 3. g3 c5 4. Bg2 cxd4 5. 0-0 d5 6. Nxd4 e5 7. Nb3 Nc6 8. Bg5 Be6 9. Nc3 d4 10. Ne4 h6 11. Bxf6 gxf6 12. Nec5 Bxc5 13. Nxc5 Qb6 14. Nxe6 fxe6 15. c3 Rd8 16. Qc2 f5 17. cxd4 Nxd4 18. Qa4+ Kf7 19. e3 Nb5 20. Rac1 e4 21. Rfd1 a6 22. Bf1 Rxd1 23. Rxd1 Rd8 24. Rxd8 Qxd8 25. Bxb5 axb5 26. Qxb5 Qd1+ 27. Qf1 Qc2 28. Qa1 b5 29. b4 e5 30. Qf1 Qc6 31. Qd1 Ke7 32. Kg2 Qc4 33. Qh5 Qe6 34. Qe2 Qc6 35. Qb2 Kd6 36. Qb3 Qd5 37. Qc2 Qc6 38. Qd1+ Ke7 39. Qb3 Kf8 40. Qb2 Qc7 41. Qd2 Qc6 42. Qd8+ Kg7 43. Qe7+ 1-0

[Event "POL-chT 1st League"]
[Site "Leba"]
[Date "2023.09.26"]
[Round "4.4"]
[White "Denderski, Piotr"]
[Black "Luberanski, Jakub"]
[Result "1/2-1/2"]
[WhiteElo "2186"]
[BlackElo "2274"]
[PlyCount "20"]
[EventDate "2023.09.23"]
[EventType "team-swiss"]
[EventRounds "9"]
[EventCountry "POL"]
[SourceTitle "EXT 2024"]
[Source "ChessBase"]
[SourceDate "2023.10.10"]
[SourceVersion "1"]
[SourceVersionDate "2023.10.10"]
[SourceQuality "1"]
[WhiteTeam "Czestochowa Hetman"]
[BlackTeam "Wroclaw Polonia"]
[WhiteTeamCountry "POL"]
[BlackTeamCountry "POL"]

1. d4 Nf6 2. c4 e6 3. Nc3 Bb4 4. a3 Bxc3+ 5. bxc3 c5 6. f3 h6 7. e4 0-0 8. e5 Ne8 9. f4 b6 10. Qf3 Nc7 1/2-1/2

[Event "POL-chT 2nd League"]
[Site "Jastrzebia Gora"]
[Date "2022.09.06"]
[Round "4.26"]
[White "Jankowiak, Piotr"]
[Black "Denderski, Piotr"]
[Result "1-0"]
[WhiteElo "2046"]
[BlackElo "2246"]
[PlyCount "115"]
[EventDate "2022.09.03"]
[EventType "team-swiss"]
[EventRounds "9"]
[EventCountry "POL"]
[SourceTitle "CBM 210 Extra"]
[Source "ChessBase"]
[SourceDate "2022.11.30"]
[SourceVersion "1"]
[SourceVersionDate "2022.11.30"]
[SourceQuality "1"]
[WhiteTeam "Bogatynia UKS SP3"]
[BlackTeam "Czestochowa Hetman"]
[WhiteTeamCountry "POL"]
[BlackTeamCountry "POL"]

1. d4 c5 2. d5 e6 3. e4 exd5 4. exd5 d6 5. Bd3 Nf6 6. h3 Be7 7. c4 Na6 8. a3 0-0 9. Nf3 Nc7 10. Nc3 Bd7 11. 0-0 Rb8 12. b4 cxb4 13. axb4 b5 14. c5 dxc5 15. Bf4 cxb4 16. Rxa7 Nce8 17. Ne4 Ra8 18. Rxa8 Qxa8 19. d6 Bd8 20. Qe2 Nd5 21. Be5 f6 22. Bh2 f5 23. Nc5 Nc3 24. Qb2 Bc6 25. Qxb4 Ba5 26. Qf4 Ne4 27. Ne6 N8xd6 28. Nxf8 Qxf8 29. Nd4 Bd7 30. Qe5 Bb6 31. Nxb5 Bxb5 32. Bxb5 Nxf2 33. Qe6+ Kh8 34. Qxd6 Qxd6 35. Bxd6 Ne4+ 36. Kh1 Nxd6 37. Rd1 Bc7 38. Bd3 g6 39. Rc1 Ba5 40. Ra1 Bc3 41. Ra7 Bd4 42. Rd7 Be5 43. g4 fxg4 44. hxg4 Kg8 45. Kg2 g5 46. Bxh7+ Kf8 47. Bd3 Bf4 48. Kf3 Ke8 49. Ra7 Kd8 50. Rh7 Ke8 51. Ke2 Kf8 52. Bf5 Nf7 53. Kd3 Be5 54. Ke4 Bf4 55. Kd5 Kg8 56. Ke6 Ne5 57. Rb7 Nc6 58. Kf6 1-0

[Event "POL-chT 2nd League"]
[Site "Lazy"]
[Date "2012.09.06"]
[Round "6"]
[White "Denderski, Piotr"]
[Black "Barski, Radoslaw"]
[Result "1-0"]
[WhiteElo "2240"]
[BlackElo "2241"]
[PlyCount "119"]
[EventDate "2012.09.01"]
[EventType "team-swiss"]
[EventRounds "9"]
[EventCountry "POL"]
[SourceTitle "EXT 2019"]
[Source "ChessBase"]
[SourceDate "2018.10.10"]
[SourceVersion "1"]
[SourceVersionDate "2018.10.10"]
[SourceQuality "1"]
[WhiteTeam "Czestochowa UKS Hetman"]
[BlackTeam "Krakow Wisla"]
[WhiteTeamCountry "POL"]
[BlackTeamCountry "POL"]

1. Nf3 Nf6 2. c4 g6 3. Nc3 Bg7 4. e4 d6 5. d4 0-0 6. Be2 e5 7. 0-0 Nc6 8. d5 Ne7 9. Ne1 Nd7 10. Be3 f5 11. f3 f4 12. Bf2 g5 13. Rc1 Rf6 14. c5 Nxc5 15. b4 Na6 16. Nb5 Rh6 17. Nxa7 Bd7 18. Bb5 Rg6 19. Bxd7 Qxd7 20. a3 h5 21. Qd3 Bf6 22. Qb5 Qxb5 23. Nxb5 Rc8 24. Nd3 g4 25. Kh1 Kf7 26. Rc2 Rgg8 27. Rfc1 Ra8 28. a4 Rgd8 29. Na7 b6 30. Nb5 Rdc8 31. Bxb6 Rcb8 32. Ba5 Nxb4 33. Bxb4 Rxa4 34. Nxd6+ cxd6 35. Bxd6 Rba8 36. Nxe5+ Ke8 37. Nc4 Ra1 38. Bxf4 Ng6 39. Be3 gxf3 40. gxf3 Nh4 41. e5 Bd8 42. f4 R8a2 43. Rxa2 Rxa2 44. e6 Ke7 45. Ne5 Kf6 46. Nd7+ Kf5 47. Rf1 Re2 48. Bc5 Kg4 49. Ne5+ Kh3 50. Nf3 Nxf3 51. Rxf3+ Kg4 52. Re3 Rxe3 53. Bxe3 Be7 54. Kg2 Kf5 55. Kf3 Bd6 56. Bd4 h4 57. h3 Be7 58. Be5 Bc5 59. Bc7 Bb4 60. Bd8 1-0

[Event "POL-chT 2nd League"]
[Site "Lazy"]
[Date "2012.09.04"]
[Round "4"]
[White "Denderski, Piotr"]
[Black "Knopik, Krzysztof"]
[Result "0-1"]
[WhiteElo "2240"]
[BlackElo "2127"]
[PlyCount "144"]
[EventDate "2012.09.01"]
[EventType "team-swiss"]
[EventRounds "9"]
[EventCountry "POL"]
[SourceTitle "EXT 2019"]
[Source "ChessBase"]
[SourceDate "2018.10.10"]
[SourceVersion "1"]
[SourceVersionDate "2018.10.10"]
[SourceQuality "1"]
[WhiteTeam "Czestochowa UKS Hetman"]
[BlackTeam "Czerwionka Gornik 23"]
[WhiteTeamCountry "POL"]
[BlackTeamCountry "POL"]

1. d4 Nf6 2. c4 c5 3. d5 b5 4. cxb5 a6 5. bxa6 Bxa6 6. g3 d6 7. Bg2 g6 8. Nf3 Bg7 9. 0-0 0-0 10. Nc3 Nbd7 11. Qc2 Qb6 12. Rb1 Rfb8 13. b3 Ng4 14. Bd2 Qa7 15. h3 Nge5 16. Nxe5 Nxe5 17. f4 Nd7 18. Kh2 Rb7 19. Rfe1 Rab8 20. Nd1 Bb5 21. Bc3 Nf6 22. e4 Qa6 23. Nf2 c4 24. b4 Qa3 25. e5 Ne8 26. Re3 Qa6 27. Ne4 Bd7 28. exd6 exd6 29. Bxg7 Kxg7 30. Qc3+ Kg8 31. Rb2 Bf5 32. Nf2 Ng7 33. g4 Bd3 34. Nxd3 cxd3 35. Rxd3 h5 36. Re3 Qa7 37. Re4 hxg4 38. hxg4 f5 39. Rc4 fxg4 40. Rc8+ Kf7 41. Rc2 Re7 42. Qg3 Rxc8 43. Rxc8 Qd7 44. Rh8 Re2 45. Qd3 Rxa2 46. Rh6 Qf5 47. Qxf5+ Nxf5 48. Rh7+ Kg8 49. Rd7 Ne3 50. Rxd6 Rxg2+ 51. Kh1 Rb2 52. Rxg6+ Kf7 53. Re6 Nxd5 54. Re5 Nf6 55. b5 Rd2 56. Rc5 Rd5 57. Rc7+ Kg6 58. b6 Rb5 59. b7 Rb2 60. Re7 Kf5 61. Rf7 Ke4 62. Rc7 Nd5 63. Rc4+ Kf3 64. Rc1 Rxb7 65. f5 Rb2 66. Rf1+ Rf2 67. Ra1 Kg3 68. Ra3+ Rf3 69. Ra1 Rxf5 70. Rg1+ Kh3 71. Ra1 Ne3 72. Kg1 Rf1+ 0-1

[Event "POL-chT 2nd League"]
[Site "Lazy"]
[Date "2012.09.02"]
[Round "2"]
[White "Denderski, Piotr"]
[Black "Zdrojewski, Wojciech"]
[Result "1-0"]
[WhiteElo "2240"]
[BlackElo "2166"]
[PlyCount "71"]
[EventDate "2012.09.01"]
[EventType "team-swiss"]
[EventRounds "9"]
[EventCountry "POL"]
[SourceTitle "EXT 2019"]
[Source "ChessBase"]
[SourceDate "2018.10.10"]
[SourceVersion "1"]
[SourceVersionDate "2018.10.10"]
[SourceQuality "1"]
[WhiteTeam "Czestochowa UKS Hetman"]
[BlackTeam "Gdynia Korsarz"]
[WhiteTeamCountry "POL"]
[BlackTeamCountry "POL"]

1. Nf3 d5 2. c4 e6 3. d4 Nf6 4. Nc3 Be7 5. cxd5 exd5 6. Bg5 0-0 7. e3 c6 8. Bd3 Re8 9. Qc2 Nbd7 10. h3 Ne4 11. Bxe4 Bxg5 12. Bxh7+ Kh8 13. Bf5 Bf6 14. h4 Nf8 15. 0-0-0 g6 16. Bxc8 Rxc8 17. g4 Kg8 18. g5 Bg7 19. Kb1 b5 20. Ne2 Qd6 21. Rc1 Nd7 22. h5 c5 23. hxg6 fxg6 24. dxc5 Rxc5 25. Qd3 Ne5 26. Nxe5 Qxe5 27. Nd4 Rxc1+ 28. Rxc1 Qxg5 29. Qxb5 Rd8 30. Qd3 Qf6 31. f4 Rd6 32. Rc8+ Kh7 33. Qc2 Qh4 34. a3 Bxd4 35. Qc7+ Bg7 36. Qxd6 1-0

[Event "Warsaw Najdorf Memorial op-A"]
[Site "Warsaw"]
[Date "2009.07.24"]
[Round "7"]
[White "Denderski, Piotr"]
[Black "Zakoscielna, Kinga"]
[Result "1-0"]
[WhiteElo "2261"]
[BlackElo "2089"]
[PlyCount "83"]
[EventDate "2009.07.18"]
[EventType "swiss"]
[EventRounds "9"]
[EventCountry "POL"]
[SourceTitle "CBM 131 Extra"]
[Source "ChessBase"]
[SourceDate "2009.09.03"]
[SourceVersion "2"]
[SourceVersionDate "2009.09.16"]
[SourceQuality "1"]

1. d4 Nf6 2. c4 d6 3. Nc3 g6 4. e4 Bg7 5. Nf3 0-0 6. Be2 e5 7. 0-0 Nc6 8. d5 Ne7 9. Ne1 Nd7 10. Be3 f5 11. f3 f4 12. Bf2 g5 13. Rc1 Ng6 14. c5 Nxc5 15. b4 Na6 16. Nb5 Bd7 17. Nxa7 Qb8 18. Bb5 Rf7 19. Bxd7 Rxd7 20. Qa4 Nf8 21. Nb5 c6 22. Nc3 c5 23. bxc5 Nxc5 24. Qc4 b6 25. Nc2 h5 26. Nb4 g4 27. Nc6 Qe8 28. Rb1 Rb7 29. Bxc5 dxc5 30. d6+ Qe6 31. Nd5 b5 32. Rxb5 Rxb5 33. Qxb5 Qxd6 34. Qb7 Ra3 35. Nce7+ Kh7 36. Nf5 Qd7 37. Qb2 Ra6 38. Qe2 Rg6 39. Rd1 Qa7 40. Nde7 Rg5 41. Qc4 Bf6 42. Qf7+ 1-0

[Event "Warsaw YMCA Autumn 40th"]
[Site "Warsaw"]
[Date "2007.10.24"]
[Round "5"]
[White "Nguyen, Piotr"]
[Black "Denderski, Piotr"]
[Result "1-0"]
[WhiteElo "2283"]
[BlackElo "2289"]
[PlyCount "87"]
[EventDate "2007.09.26"]
[EventType "tourn"]
[EventRounds "11"]
[EventCountry "POL"]
[SourceTitle "EXT 2019"]
[Source "ChessBase"]
[SourceDate "2018.10.10"]
[SourceVersion "1"]
[SourceVersionDate "2018.10.10"]
[SourceQuality "1"]

1. d4 Nf6 2. Bg5 Ne4 3. Bf4 c5 4. f3 Nf6 5. dxc5 Qa5+ 6. Nc3 Qxc5 7. e4 d6 8. Qd2 Bd7 9. 0-0-0 Nc6 10. g4 Be6 11. Nge2 Rc8 12. Kb1 g6 13. Be3 Qa5 14. Nd4 Nxd4 15. Qxd4 Rxc3 16. Qxc3 Bxa2+ 17. Kc1 Qxc3 18. bxc3 Be6 19. Bxa7 Bh6+ 20. Kb2 0-0 21. h4 Bf4 22. Bd4 Nd7 23. Be2 Ne5 24. Ra1 Nc4+ 25. Bxc4 Bxc4 26. h5 g5 27. Ra7 Be2 28. Rxb7 Bxf3 29. Re1 Bd2 30. Rf1 Bxg4 31. h6 e5 32. Bb6 Bc8 33. Rb8 g4 34. Bc7 Bxh6 35. Bxd6 Re8 36. Rg1 f6 37. Rxg4+ Kf7 38. Rg1 Be3 39. Rh1 h6 40. c4 Rg8 41. c5 Ke6 42. Ra1 Re8 43. Raa8 Kd7 44. Ra7+ 1-0

[Event "Malopolskie Bezirk-ch"]
[Site "Krakow"]
[Date "2007.05.03"]
[Round "6"]
[White "Denderski, Piotr"]
[Black "Dudzinski, Pawel"]
[Result "1/2-1/2"]
[WhiteElo "2289"]
[BlackElo "2208"]
[PlyCount "95"]
[EventDate "2007.04.29"]
[EventType "swiss"]
[EventRounds "9"]
[EventCountry "POL"]
[SourceTitle "EXT 2011"]
[Source "ChessBase"]
[SourceDate "2010.11.26"]
[SourceVersion "1"]
[SourceVersionDate "2010.11.26"]
[SourceQuality "1"]

1. d4 f5 2. c4 Nf6 3. g3 g6 4. Bg2 Bg7 5. Nf3 d6 6. 0-0 0-0 7. Nc3 Nc6 8. d5 Na5 9. Nd2 c5 10. Qc2 a6 11. b3 Rb8 12. Bb2 b5 13. Nd1 e5 14. dxe6 Bxe6 15. Ne3 Qc7 16. Nd5 Qf7 17. Nf4 bxc4 18. Nxe6 Qxe6 19. bxc4 Rxb2 20. Qxb2 Ne4 21. Qc2 Bxa1 22. Rxa1 Qe5 23. Rc1 Nf6 24. Nf3 Qe8 25. Qd2 Nc6 26. Qxd6 Ne4 27. Qd5+ Kh8 28. a3 Rf6 29. Qd1 Rd6 30. Qc2 Qd8 31. h4 Kg8 32. e3 Nb8 33. Rb1 Nd7 34. Rd1 Ndf6 35. Rxd6 Qxd6 36. Ng5 Qd2 37. Bxe4 Nxe4 38. Qxd2 Nxd2 39. Ne6 Nxc4 40. Nxc5 a5 41. a4 Kf7 42. Kf1 Ke7 43. Ke2 Kd6 44. Nb3 Kd5 45. f3 h6 46. Kd3 Ne5+ 47. Ke2 Nc6 48. Kd3 1/2-1/2

[Event "Malopolskie Bezirk-ch"]
[Site "Krakow"]
[Date "2007.05.02"]
[Round "5"]
[White "Stupak, Kirill"]
[Black "Denderski, Piotr"]
[Result "1-0"]
[WhiteElo "2360"]
[BlackElo "2289"]
[PlyCount "85"]
[EventDate "2007.04.29"]
[EventType "swiss"]
[EventRounds "9"]
[EventCountry "POL"]
[SourceTitle "EXT 2011"]
[Source "ChessBase"]
[SourceDate "2010.11.26"]
[SourceVersion "1"]
[SourceVersionDate "2010.11.26"]
[SourceQuality "1"]

1. d4 Nf6 2. g3 g6 3. Bg2 Bg7 4. e4 0-0 5. Nc3 d6 6. Nge2 e5 7. 0-0 Nc6 8. dxe5 dxe5 9. Bg5 Bg4 10. f3 Be6 11. f4 h6 12. Qxd8 Nxd8 13. Bxf6 Bxf6 14. Nd5 Bxd5 15. exd5 exf4 16. c3 a5 17. Nxf4 Ra6 18. Nd3 Bg5 19. h4 Be3+ 20. Kh1 f5 21. Rae1 Ba7 22. Re7 Rf7 23. Re8+ Rf8 24. Rxf8+ Kxf8 25. h5 Nf7 26. g4 a4 27. hxg6 Rxg6 28. gxf5 Rg5 29. Nf4 Ke7 30. Bh3 Rg3 31. f6+ Ke8 32. Be6 a3 33. b4 Rxc3 34. Bxf7+ Kxf7 35. Ne6 Rc2 36. Nd8+ Kf8 37. Rf3 Rf2 38. Rxa3 Bb6 39. f7 c6 40. Nxb7 cxd5 41. Ra6 Bc7 42. Nc5 d4 43. Ra7 1-0

[Event "Malopolskie Bezirk-ch"]
[Site "Krakow"]
[Date "2007.05.01"]
[Round "4"]
[White "Denderski, Piotr"]
[Black "Miroslaw, Michal"]
[Result "1-0"]
[WhiteElo "2289"]
[BlackElo "2277"]
[PlyCount "37"]
[EventDate "2007.04.29"]
[EventType "swiss"]
[EventRounds "9"]
[EventCountry "POL"]
[SourceTitle "EXT 2011"]
[Source "ChessBase"]
[SourceDate "2010.11.26"]
[SourceVersion "1"]
[SourceVersionDate "2010.11.26"]
[SourceQuality "1"]

1. Nf3 d5 2. g3 c5 3. Bg2 Nc6 4. 0-0 Nf6 5. d3 e5 6. Nbd2 Be7 7. e4 dxe4 8. dxe4 0-0 9. c3 h6 10. Qe2 Qc7 11. Nc4 Rd8 12. Nh4 Ne8 13. Nf5 Nd6 14. Ncxd6 Bxd6 15. Qg4 Bxf5 16. exf5 Kh7 17. f6 g6 18. Bxh6 Qd7 19. Qh4 1-0

[Event "POL-chT 62th"]
[Site "Ustron"]
[Date "2006.09.02"]
[Round "1"]
[White "Denderski, Piotr"]
[Black "Szymanski, Marcin"]
[Result "0-1"]
[WhiteElo "2285"]
[BlackElo "2408"]
[PlyCount "66"]
[EventDate "2006.09.02"]
[EventType "team-tourn"]
[EventRounds "9"]
[EventCountry "POL"]
[SourceTitle "EXT 2019"]
[Source "ChessBase"]
[SourceDate "2018.10.10"]
[SourceVersion "1"]
[SourceVersionDate "2018.10.10"]
[SourceQuality "1"]
[WhiteTeam "Czestochowa Hetman"]
[BlackTeam "Suwalki Hancza"]
[WhiteTeamCountry "POL"]
[BlackTeamCountry "POL"]

1. d4 Nf6 2. c4 e6 3. Nc3 Bb4 4. Qc2 0-0 5. a3 Bxc3+ 6. Qxc3 Ne4 7. Qc2 f5 8. e3 b6 9. Ne2 Bb7 10. f3 Qh4+ 11. g3 Qe7 12. Bg2 Nf6 13. 0-0 d6 14. b4 Nbd7 15. Bb2 c5 16. Rad1 cxb4 17. axb4 Rfc8 18. Qb3 b5 19. c5 Bd5 20. Qc2 a5 21. e4 Bc4 22. cxd6 Qxd6 23. bxa5 b4 24. Rfe1 Qa6 25. Qd2 Qxa5 26. d5 fxe4 27. dxe6 Ne5 28. Ra1 Qb6+ 29. Bd4 Qxe6 30. Rxa8 Rxa8 31. fxe4 Ra2 32. Qxb4 Nc6 33. Nf4 Nxb4 0-1

[Event "POL-chT 1st League"]
[Site "Jarnoltowek"]
[Date "2005.09.10"]
[Round "8.4"]
[White "Murawski, Grzegorz"]
[Black "Denderski, Piotr"]
[Result "1/2-1/2"]
[WhiteElo "2312"]
[BlackElo "2274"]
[PlyCount "64"]
[EventDate "2005.09.03"]
[EventType "team-tourn"]
[EventRounds "9"]
[EventCountry "POL"]
[SourceTitle "EXT 2019"]
[Source "ChessBase"]
[SourceDate "2018.10.10"]
[SourceVersion "1"]
[SourceVersionDate "2018.10.10"]
[SourceQuality "1"]
[WhiteTeam "Kozuchow Odrodzenie"]
[BlackTeam "Czestochowa Hetman"]
[WhiteTeamCountry "POL"]
[BlackTeamCountry "POL"]

1. e4 c5 2. Nf3 Nc6 3. Nc3 d6 4. d4 cxd4 5. Nxd4 Nf6 6. Bg5 e6 7. Qd2 Be7 8. 0-0-0 0-0 9. Nb3 Qb6 10. f3 Rd8 11. h4 a6 12. Be3 Qc7 13. Qf2 Nd7 14. g4 b5 15. g5 Rb8 16. h5 Nb6 17. f4 b4 18. Nb1 a5 19. Nd4 Nxd4 20. Bxd4 e5 21. Be3 exf4 22. Bxf4 Be6 23. b3 a4 24. Kb2 Ra8 25. Bd3 axb3 26. axb3 Ra1 27. Kxa1 Qa7+ 28. Na3 Qxa3+ 29. Kb1 Na4 30. bxa4 Ba2+ 31. Ka1 Bc4+ 32. Kb1 Ba2+ 1/2-1/2

[Event "Krakow op"]
[Site "Krakow"]
[Date "2005.01.03"]
[Round "8"]
[White "Kuzmicz, Krystian"]
[Black "Denderski, Piotr"]
[Result "1-0"]
[WhiteElo "2371"]
[BlackElo "2247"]
[PlyCount "59"]
[EventDate "2004.12.27"]
[EventType "swiss"]
[EventRounds "9"]
[EventCountry "POL"]
[SourceTitle "CBM 104 Extra"]
[Source "ChessBase"]
[SourceDate "2005.03.01"]
[SourceVersion "1"]
[SourceVersionDate "2005.03.01"]
[SourceQuality "1"]

1. e4 c5 2. d3 Nc6 3. g3 g6 4. Bg2 Bg7 5. f4 d6 6. Nf3 e6 7. 0-0 Nge7 8. c3 0-0 9. Be3 b6 10. Na3 Ba6 11. Re1 b5 12. d4 b4 13. cxb4 Nxb4 14. Qd2 Nd3 15. Red1 Nc6 16. Qc2 Ncb4 17. Qd2 Bb7 18. dxc5 Bxb2 19. Nc4 Bxa1 20. Nxd6 Qf6 21. e5 Bxe5 22. fxe5 Nxe5 23. Nxe5 Qxe5 24. Bxb7 Rab8 25. Bf3 f6 26. c6 Nd5 27. Nc4 Qc7 28. Bxd5 exd5 29. Qxd5+ Kh8 30. Bf4 1-0

[Event "Krakow op"]
[Site "Krakow"]
[Date "2005.01.02"]
[Round "6"]
[White "Denderski, Piotr"]
[Black "Wozniak, Maciej"]
[Result "1/2-1/2"]
[WhiteElo "2247"]
[BlackElo "2148"]
[PlyCount "84"]
[EventDate "2004.12.27"]
[EventType "swiss"]
[EventRounds "9"]
[EventCountry "POL"]
[SourceTitle "CBM 104 Extra"]
[Source "ChessBase"]
[SourceDate "2005.03.01"]
[SourceVersion "1"]
[SourceVersionDate "2005.03.01"]
[SourceQuality "1"]

1. d4 d5 2. c4 c6 3. Nc3 dxc4 4. e4 b5 5. a4 b4 6. Na2 Nf6 7. e5 Nd5 8. Bxc4 e6 9. Qg4 Ba6 10. Bxa6 Nxa6 11. Nf3 g6 12. Bg5 Be7 13. 0-0 h6 14. Bd2 h5 15. Qe4 h4 16. h3 Rh5 17. Nc1 c5 18. Ne2 c4 19. Nf4 Nxf4 20. Qc6+ Kf8 21. Bxf4 Qc8 22. Qe4 Nc7 23. g4 Rh8 24. Bg5 Nd5 25. Bxe7+ Nxe7 26. Ng5 Nd5 27. Qf3 Qd7 28. Rac1 Rc8 29. Ne4 c3 30. bxc3 bxc3 31. Nxc3 Nxc3 32. Rxc3 Rxc3 33. Qxc3 Qxa4 34. Ra1 Qd7 35. Qc5+ Kg7 36. Rxa7 Qd8 37. Ra3 Re8 38. Rf3 Re7 39. Rd3 Rc7 40. Qb4 Rc1+ 41. Kg2 Qd5+ 42. Rf3 Rg1+ 1/2-1/2

[Event "Krakow op"]
[Site "Krakow"]
[Date "2004.12.28"]
[Round "2"]
[White "Denderski, Piotr"]
[Black "Nurkiewicz, Maciej"]
[Result "0-1"]
[WhiteElo "2247"]
[BlackElo "2406"]
[PlyCount "52"]
[EventDate "2004.12.27"]
[EventType "swiss"]
[EventRounds "9"]
[EventCountry "POL"]
[SourceTitle "CBM 104 Extra"]
[Source "ChessBase"]
[SourceDate "2005.03.01"]
[SourceVersion "1"]
[SourceVersionDate "2005.03.01"]
[SourceQuality "1"]

1. d4 Nf6 2. c4 e5 3. dxe5 Ng4 4. Bf4 Nc6 5. Nf3 Bb4+ 6. Nbd2 Qe7 7. e3 Ngxe5 8. Nxe5 Nxe5 9. Be2 b6 10. 0-0 Bb7 11. Nb3 0-0 12. a3 Bd6 13. Nd4 Ng6 14. Bxd6 Qxd6 15. Bf3 Bxf3 16. Nxf3 Qe6 17. Qd4 d6 18. Rfd1 a5 19. b4 axb4 20. axb4 c5 21. Qc3 Rxa1 22. Rxa1 d5 23. Ra6 d4 24. exd4 Nf4 25. Qe3 Qxc4 26. Rxb6 Nd5 0-1